| 000 | 01110nam a2200313Ia 4500 | ||
|---|---|---|---|
| 005 | 20220317001134.0 | ||
| 008 | 160825s2008 ck a g 000 0 spa | ||
| 020 | _a97895830079012 | ||
| 100 | 1 | _aCastro Blanco, Elías | |
| 245 | 1 | 0 |
_aPor qué lloraban los Tikuna? _by otras leyendas _cElías Castro Blanco ; ilustrado por Marcela Quintero |
| 250 |
_a1a. edición _b3a. reimpresión |
||
| 300 |
_a66 páginas _bilustraciones en color _c20 cm |
||
| 490 | _aLiteratura juvenil | ||
| 650 | 1 | 4 |
_2LEMB _aLeyendas colombianas |
| 650 | 1 | 4 |
_2LEMB _aIndigenas en la literatura |
| 650 | 1 | 4 |
_2LEMB _aTradición oral en la literatura |
| 650 | 1 | 4 |
_2LEMB _aWayuu (Grupo indígena) |
| 650 | 1 | 4 |
_2LEMB _aPijaos (Grupo indígena) |
| 650 | 1 | 4 |
_2LEMB _aTule (Grupo indígena) |
| 650 | 1 | 4 |
_2LEMB _aTikuna (Grupo indígena) |
| 700 | 1 |
_aQuintero, Marcela _916330 |
|
| 942 |
_2loc _cBKLIT |
||
| 264 |
_aBogotá _bPanamericana _c2008 |
||
| 336 |
_atexto _btxt _2rdacontent |
||
| 337 |
_asin mediación _bn _2rdamedia |
||
| 338 |
_avolumen _bnc _2rdacarrier |
||
| 040 |
_aCO-BoRNBP _bspa _erda _cCO-BoRNBP |
||
| 084 | _aLM CAS4 | ||
| 999 |
_c6043 _d6043 |
||